00426nam a2200193Ia 4500003000900000008004100009040001300050040001300063041000800076100002300084245003500107250001200142260002100154260000900175300001100184300001000195490001900205490000800224IT-RoPAU120407s9999 xx 000 0 und d aIT-RoPAU cIT-RoPAU aita aVincenzo Monachino aLa carità€ cristiana in Roma. aBologna aLicinio Cappelli c1968 a372 p. c24 cm aRoma cristiana v110